000 01329nam a2200337 a 4500
001 ebr10657579
003 CaPaEBR
006 m u
007 cr cn|||||||||
008 130220s2013 njua sf 001 0 eng d
020 _z9781118431078
020 _z9781118546284 (e-book)
040 _aCaPaEBR
_cCaPaEBR
035 _a(OCoLC)827236312
050 1 4 _aHD69.P75
_bS60 2013eb
082 0 4 _a658.404
_223
100 1 _aSnyder, Cynthia Stackpole.
245 1 2 _aA user's manual to the PMBOK guide-- fifth edition
_h[electronic resource] /
_cCynthia Stackpole Snyder.
250 _a2nd ed.
260 _aHoboken, N.J. :
_bJ. Wiley,
_c2013.
300 _axi, 303 p. :
_bill.
500 _a"Updated for use with the fifth edition"--cover.
500 _aIncludes index.
533 _aElectronic reproduction.
_bPalo Alto, Calif. :
_cebrary,
_d2013.
_nAvailable via World Wide Web.
_nAccess may be limited to ebrary affiliated libraries.
650 0 _aProject management.
650 0 _aProject management
_vHandbooks, manuals, etc.
655 7 _aElectronic books.
_2local
710 2 _aebrary, Inc.
730 0 _aGuide to the project management body of knowledge (PMBOK guide)
856 4 0 _uhttp://site.ebrary.com/lib/rucke/Doc?id=10657579
_zAn electronic book accessible through the World Wide Web; click to view
999 _c181026
_d181026